000 00613nam a2200181Ia 4500
005 20250423094316.0
008 250422s9999 xx 000 0 und d
020 _a9789788135135
050 _aRA 424.5 .M65/
100 _aMohammed, Idris
245 0 _aAcademics epidemics and politics: an eventful career in public health
260 _aIbadan
260 _bBookcraft
260 _c2007
300 _a409 p
650 _a Mohammed, Idris, 1942- Public health personnel--Nigeria--Biography. Epidemiologists--Nigeria--Biography. Medical colleges--Nigeria--Faculty--Biography.
942 _cBK
999 _c26867
_d26867